Daty historyczne polski - Statystyki

Ogólne statystyki
  • Ten quiz został rozwiązany 80 razy
  • Średni wynik to 13 z 15
Statystyki odpowiedzi
Hint Odpowiedź % Poprawnych
Chrzest Polski 966
100%
Bitwa pod Grunwaldem 1410
97%
II wojna światowa 1939
97%
Odzyskanie niepodległości 1918
96%
Wstąpienie Polski do UE 2004
96%
Powstanie Warszawskie 1944
95%
Zjazd gnieźnieński 1000
92%
Koronacja Bolesława Chrobrego 1025
92%
Katastrofa smoleńska 2010
92%
Konstytucja III maja 1791
82%
I rozbiór Polski 1772
80%
Powstanie styczniowe 1863
79%
Powstanie listopadowe 1830
70%
Unia Lubelska 1569
61%
Bitwa pod Warna 1444
45%
Nie znaleziono quizów pasujących do podanych kryteriów
Rozkład punktacji
Procent ludzi z każdym wynikiem
Percentyl według liczby udzielonych odpowiedzi
Twoja historia wyników
Nie rozwiązałeś tego quizu